Skulduggery Pleasant Books Quiz Stats

 Plays Quiz Updated Jun 10, 2017

Challenge
Share
Tweet
Embed
Score 0/9 Timer 03:00
0 Plays Today
Year Answer % Correct
2007Skulduggery Pleasant
86%
2010Dark Days
71.4%
2010Mortal Coil
68.9%
2008Playing with Fire
67.8%
2009The Faceless Ones
64.5%
2011Death Bringer
58.5%
2013Last Stand of Dead Men
56.5%
2014The Dying of the Light
55.1%
2012Kingdom of the Wicked
54.6%

You're not logged in!

Compare scores with friends on all Sporcle quizzes.
Join for Free
OR
Log In

You Might Also Like...

Show Comments

Extras

Top Quizzes Today


Score Distribution

Your Account Isn't Verified!

In order to create a playlist on Sporcle, you need to verify the email address you used during registration. Go to your Sporcle Settings to finish the process.

Report this User

Report this user for behavior that violates our Community Guidelines.

Details: